Understanding : (Record no. 115919)

MARC details
000 -LEADER
fixed length control field 00678nam a2200229 a 4500
008 - FIXED-LENGTH DATA ELEMENTS--GENERAL INFORMATION
fixed length control field
020 ## - INTERNATIONAL STANDARD BOOK NUMBER
International Standard Book Number 0470844965(pbk.)
049 ## - LOCAL HOLDINGS (OCLC)
Holding library MAIN
090 ## - LOCALLY ASSIGNED LC-TYPE CALL NUMBER (OCLC); LOCAL CALL NUMBER (RLIN)
Classification number (OCLC) (R) ; Classification number, CALL (RLIN) (NR) RC862.177
Local cutter number (OCLC) ; Book number/undivided call number, CALL (RLIN) DAR.
003 - CONTROL NUMBER IDENTIFIER
control field
005 - DATE AND TIME OF LATEST TRANSACTION
control field 20230120204031.0
040 ## - CATALOGING SOURCE
Transcribing agency NUST
100 1# - MAIN ENTRY--PERSONAL NAME
Personal name Darnley, Simon
245 10 - TITLE STATEMENT
Title Understanding :
Remainder of title irritable bowel syndrome/
Statement of responsibility, etc. Simon Darnley and Barbara Millar.
260 ## - PUBLICATION, DISTRIBUTION, ETC.
Place of publication, distribution, etc. London :
Name of publisher, distributor, etc. John Wiley &Sons Ltd,
Date of publication, distribution, etc. 2003.
300 ## - PHYSICAL DESCRIPTION
Extent ix, 122 p. ;
Dimensions 23 cm.
500 ## - GENERAL NOTE
General note Includes index.
650 #1 - SUBJECT ADDED ENTRY--TOPICAL TERM
Topical term or geographic name entry element Irritable colon
Form subdivision popular works.
700 ## - ADDED ENTRY--PERSONAL NAME
Personal name Millar, Barbara.
907 ## - LOCAL DATA ELEMENT G, LDG (RLIN)
a .b10285180
b 27-07-12
c 25-10-10
942 ## - ADDED ENTRY ELEMENTS (KOHA)
Koha item type Ordinary Loan Books
Call number prefix RC862.177
Call number suffix DAR.
Holdings
Date last seen Total Checkouts Full call number Barcode Cost, replacement price Price effective from Koha item type Lost status Source of classification or shelving scheme Damaged status Not for loan Collection Withdrawn status Home library Current library Shelving location Date acquired Cost, normal purchase price
01/20/2023   RC862.177 DAR 92004015241 80.00 01/20/2023 BOOKS   LCC     NFIC   Medical Medical GEN 01/20/2023 80.00